Music Artists By Art Photo #1 - Statistics

General Stats
  • This quiz has been taken 67 times
  • The average score is 10 of 16
Answer Stats
Picture Answer % Correct
Elvis Presley
98%
Michael Jackson
98%
Snoop Dogg
95%
Bruno Mars
88%
Madonna
84%
Britney Spears
82%
Dua Lipa
81%
Frank Sinatra
77%
Avril Lavigne
67%
Dr Dre
53%
Axl Rose
51%
Travis Scott
51%
Future
30%
Chester Bennington
25%
James Hetfield
18%
Anthony Kiedis
12%
No matching quizzes found
Score Distribution
Percent of People with Each Score
Percentile by Number Answered
Your Score History
You have not taken this quiz